La res.12/86 de la IGJ, sobre normas contables (Registro nro. 17092)

Detalles MARC
000 -LEADER
fixed length control field 00347 a2200109 4500
001 - CONTROL NUMBER
control field ART_2075
005 - DATE AND TIME OF LATEST TRANSACTION
control field 20260410161722.0
008 - FIXED-LENGTH DATA ELEMENTS--GENERAL INFORMATION
fixed length control field 260409a
100 1# - MAIN ENTRY--PERSONAL NAME
Personal name Fowler Newton, Enrique
245 10 - TITLE STATEMENT
Title La res.12/86 de la IGJ, sobre normas contables
773 0# - HOST ITEM ENTRY
Title Administración de empresas
Related parts - Año XVII, Nº 201 (dic. 1986)
Record control number REV2036

No hay ítems disponibles.